| 000 | 01592cam a22003857a 4500 | ||
|---|---|---|---|
| 999 |
_c331182 _d331182 |
||
| 001 | 15627214 | ||
| 003 | NUST | ||
| 005 | 20170921112914.0 | ||
| 008 | 090217s2009 enkab bc 001 0 eng | ||
| 010 | _a 2009923078 | ||
| 015 |
_aGBA962656 _2bnb |
||
| 016 | 7 |
_a015297582 _2Uk |
|
| 020 | _a9781851775736 (hbk.) | ||
| 020 | _a1851775730 (hbk.) | ||
| 035 | _a(OCoLC)ocn317927157 | ||
| 040 |
_aUKM _cUKM _dBTCTA _dBWKUK _dDLC |
||
| 042 | _alccopycat | ||
| 043 | _aa-ii--- | ||
| 050 | 0 | 0 |
_aN7301 _b.M33 2009 |
| 082 | 0 | 4 |
_a709.54074421 _bMAH |
| 245 | 0 | 0 |
_aMaharaja : _bthe splendour of India's royal courts / _cedited by Anna Jackson and Amin Jaffer ; with Deepika Ahlawat. |
| 260 |
_aLondon : _bV&A Pub. ; _aNew York : _bDistributed in North America by Harry N. Abrams, _c2009. |
||
| 300 |
_a240 p. : _bcol. ill., maps ; _c32 cm. |
||
| 500 | _aPublished to accompany the exhibition Maharaja held at the V&A, 10th Oct. 2009-17th Jan. 2010. | ||
| 504 | _aIncludes bibliographical references and index. | ||
| 650 | 0 |
_aArt, Indic _vExhibitions. _94744 |
|
| 651 | 0 |
_aIndia _xKings and rulers _vExhibitions. _94745 |
|
| 651 | 0 |
_aIndia _xCivilization _vExhibitions. _94746 |
|
| 651 | 0 |
_aIndia _xSocial life and customs _vExhibitions. _94747 |
|
| 700 | 1 |
_aJackson, Anna _q(Anna M. F.) _94748 |
|
| 700 | 1 |
_aJaffer, Amin. _94749 |
|
| 710 | 2 |
_aVictoria and Albert Museum. _94750 |
|
| 906 |
_a7 _bcbc _ccopycat _d2 _encip _f20 _gy-gencatlg |
||
| 942 |
_2ddc _cBK |
||